000
00222nam a22000857a 4500
999
_c
11033
_d
11033
008
180801b ||||| |||| 00| 0 eng d
100
_a
Helfand Lewis
_9
6780
245
_a
The Wright Brothers
260
_a
New Delhi
_b
Campfire
_c
2016